| 000 | 00445cam a2200145 i 4500 | ||
|---|---|---|---|
| 020 | _a969353137X | ||
| 020 | _a9789693531374 | ||
| 082 |
_a954.91 _bZEH _cN-02,P100 |
||
| 100 | 1 |
_aZehra, Nasim, _951820 |
|
| 245 | 1 | 0 |
_aFrom Kargil to the coup : _bevents that shook Pakistan / _cNasim Zehra. |
| 300 |
_a532 pages ; _c24 cm |
||
| 526 |
_a0 _b0 _c0 _d954_910000000000000_ZEH |
||
| 650 |
_ahistory of kargil, pakistan political _951821 |
||
| 942 |
_2ddc _cBK |
||
| 999 |
_c554367 _d554367 |
||